La carta a los romanos
Guardat en:
| Autor principal: | |
|---|---|
| Format: | Llibre |
| Idioma: | espanyol |
| Publicat: |
Salamanca
Sígueme
1989
|
| Col·lecció: | Biblioteca de Estudios Bíblicos, 61
|
| Matèries: | |
| Etiquetes: |
Afegir etiqueta
Sense etiquetes, Sigues el primer a etiquetar aquest registre!
|
MARC
| LEADER | 00000nam a2200000 a 4500 | ||
|---|---|---|---|
| 001 | UCX0921 | ||
| 003 | CL-VaPUC | ||
| 008 | 900416e19890000SP |||||||||||||||||spa|d | ||
| 082 | 0 | 4 | |a 227.1 |b WIL |2 21 |
| 100 | 0 | |a Wilckens, Ulrich |e author |9 316302 | |
| 245 | 1 | 3 | |a La carta a los romanos |
| 300 | |a v | ||
| 942 | |c BK | ||
| 945 | |d 19900416 00:00:00 |a aalvarez | ||
| 260 | |a Salamanca |b Sígueme |c 1989 | ||
| 650 | 0 | |a Biblia |9 257603 | |
| 583 | |a last modification |c 19900416 00:00:00 |k Rodrigo Vera | ||
| 490 | 0 | |a Biblioteca de Estudios Bíblicos, 61 | |
| 999 | |c 222310 |d 222308 | ||
| 952 | |0 0 |1 0 |4 0 |6 227_100000000000000_WIL_1989 |7 0 |8 A |9 216813 |a BIBTEO |b BIBTEO |d 2019-11-15 |h v.1 |i 2857340 |o 227.1 WIL 1989 |p 2857340 |r 2025-01-17 |w 2019-11-15 |y BK |k ICR | ||